| LEADER | 01281cam a22003014a 4500 | ||
|---|---|---|---|
| 001 | 13902013 | ||
| 005 | 20161012085916.0 | ||
| 008 | 050301s2004 vm l 000 0 vie | ||
| 035 | |a (DLC) 2005346133 | ||
| 040 | |a DLC |c DLC |d DLC | ||
| 042 | |a lcode | ||
| 043 | |a a-vt--- | ||
| 050 | 0 | 0 | |a KPV140.22004 |b .Q86 2004 |
| 082 | |a 959.779 |b B100tr | ||
| 100 | |a Trần Văn Giàu | ||
| 245 | 0 | 0 | |a 300 năm Sài Gòn - Tp. Hồ Chí Minh |c Trần Văn Giàu, Trần Bạch Đằng, Sơn Năm |
| 260 | |a H. |c 1998 |b Chính trị Quốc gia | ||
| 300 | |a 223tr. |c 30 cm | ||
| 520 | |a v...v | ||
| 653 | |a Lịch sử | ||
| 653 | |a Việt Nam | ||
| 653 | |a Sài Gòn | ||
| 906 | |a 7 |b cbc |c origode |d 3 |e ncip |f 20 |g y-gencatlg | ||
| 942 | |2 ddc |c STK0 | ||
| 955 | |a wj31 2005-03-01 to wj07; wj07 2005-03-01 to RCCD |i ys09 2008-09-04 (ys02) | ||
| 999 | |c 3156 |d 3156 | ||
| 952 | |0 0 |1 0 |2 ddc |4 0 |6 959_779000000000000_B100TR |7 0 |8 900 |9 35369 |a qbu |b qbu |c D5 |d 2014-12-15 |g 45000 |o 959.779 B100tr |p 4214.C1 |r 2015-10-28 |w 2014-12-15 |y STK0 |0 0 |6 959_779000000000000_B100TR |0 0 |6 959_779000000000000_B100TR | ||
| 952 | |0 0 |1 0 |2 ddc |4 0 |6 959_779000000000000_B100TR |7 0 |8 900 |9 97741 |a qbu |b qbu |c D5 |d 2015-11-04 |g 45000 |o 959.779 B100tr |p 4214.c2 |r 0000-00-00 |w 2015-11-04 |y STK0 |0 0 |6 959_779000000000000_B100TR |0 0 |6 959_779000000000000_B100TR | ||